[Event "10th Lost Boys op"]
[Site "Amsterdam NED"]
[Date "2002.07.30"]
[Round "5.25"]
[White "Jens, Jelmer"]
[Black "Tan, Kevin"]
[Result "1-0"]
[WhiteElo "2369"]
[BlackElo "2165"]
[EventDate "2002.07.26"]
[PlyCount "63"]

1.e4 c5 2.Nf3 d6 3.d4 cxd4 4.Nxd4 Nf6 5.Nc3 g6 6.g3 Nc6 7.Nde2 Bg7 8.Bg2 
O-O 9.O-O Rb8 10.a4 a6 11.Bg5 Re8 12.Nd5 Nd7 13.c3 b5 14.axb5 axb5 15.Nd4 
Nxd4 16.cxd4 Bb7 17.Nb4 Qb6 18.Be3 Ra8 19.Qd2 Ra4 20.b3 Rxa1 21.Rxa1 Rc8 
22.Qd3 Nb8 23.d5 Rc3 24.Bxb6 Rxd3 25.Ra7 Rd1+ 26.Bf1 Bc8 27.Kg2 Nd7 28.Be3
Ra1 29.Rc7 Ra8 30.Nc6 Bf6 31.Na7 Rxa7 32.Rxc8+ 1-0

[Event "10th Lost Boys op"]
[Site "Amsterdam NED"]
[Date "2002.07.30"]
[Round "5.26"]
[White "Bakker, Sven"]
[Black "Wegerle, Jorg"]
[Result "1/2-1/2"]
[WhiteElo "2149"]
[BlackElo "2365"]
[EventDate "2002.07.26"]
[PlyCount "98"]

1.d4 e6 2.c4 Nf6 3.Nc3 d5 4.cxd5 exd5 5.Bg5 c6 6.Qc2 Be7 7.e3 O-O 8.Bd3 
Nbd7 9.Nf3 Re8 10.h3 Nf8 11.Ne5 N6d7 12.Bxe7 Qxe7 13.Nxd7 Bxd7 14.O-O-O b5
15.Kb1 a5 16.Rc1 Qf6 17.g4 a4 18.Rhg1 Rec8 19.g5 Qd6 20.Ne2 b4 21.Nf4 Rcb8
22.Qc5 Qxc5 23.Rxc5 a3 24.b3 Re8 25.Kc1 Ng6 26.Bxg6 hxg6 27.Kd2 Reb8 28.h4
Kf8 29.Nd3 Ra6 30.Ne5 Be8 31.Ke2 Ke7 32.Kf3 Kd6 33.Kf4 Rb7 34.f3 Re7 35.
Nd3 Rb7 36.Rgc1 f6 37.Rg1 Bf7 38.Kg3 Be6 39.Rcc1 Ra8 40.Nf4 Bf7 41.Kf2 Rh8
42.Rh1 Rb5 43.Nd3 Be6 44.Nc5 Rb6 45.Kg3 Bd7 46.Kf4 Rbb8 47.Na6 Rb6 48.Nc5 
Rbb8 49.Na6 Rb6 1/2-1/2

[Event "10th Lost Boys op"]
[Site "Amsterdam NED"]
[Date "2002.07.30"]
[Round "5.28"]
[White "Rebers, Eugene"]
[Black "Martinez Rodriguez, Pablo"]
[Result "1/2-1/2"]
[WhiteElo "2351"]
[BlackElo "2222"]
[EventDate "2002.07.26"]
[PlyCount "104"]

1.Nf3 Nf6 2.c4 e6 3.g3 d5 4.b3 Be7 5.Bb2 O-O 6.Bg2 c5 7.O-O Nc6 8.e3 b6 9.
Qe2 a5 10.Nc3 Ra7 11.Rfd1 Ba6 12.d3 Rd7 13.Nb5 Qb8 14.Ne1 Rfd8 15.f4 Bb7 
16.Nf3 Qa8 17.Rd2 dxc4 18.bxc4 Ne8 19.Rb1 Bf6 20.Bxf6 gxf6 21.a3 Ne7 22.
Nc3 Nc8 23.e4 Ned6 24.Na4 f5 25.Ne5 Rc7 26.exf5 Bxg2 27.Qg4+ Kf8 28.Qg5 
Ne7 29.f6 Ng6 30.Nxg6+ fxg6 31.Rxg2 Nf5 32.Qg4 Qxg2+ 33.Kxg2 Ne3+ 34.Kf3 
Nxg4 35.Kxg4 Rxd3 36.Rxb6 Rxa3 37.Rb8+ Kf7 38.Nb6 Kxf6 39.Ra8 Kg7 40.Ra6 
h6 41.Na8 Re7 42.Nb6 h5+ 43.Kg5 Rc7 44.Na8 Rf7 45.Rxe6 Rf5+ 46.Kh4 Ra2 47.
h3 Rc2 48.Nb6 Rf6 49.Re7+ Rf7 50.Re6 Rf6 51.Re7+ Rf7 52.Re6 Rf6 1/2-1/2

[Event "10th Lost Boys op"]
[Site "Amsterdam NED"]
[Date "2002.07.30"]
[Round "5.29"]
[White "Vedder, Richard"]
[Black "Daly, Colm"]
[Result "1-0"]
[WhiteElo "2232"]
[BlackElo "2338"]
[EventDate "2002.07.26"]
[PlyCount "85"]

1.e4 e6 2.d4 d5 3.Nc3 Nf6 4.e5 Nfd7 5.f4 c5 6.Nf3 Nc6 7.Be3 cxd4 8.Nxd4 
Bc5 9.Qd2 a6 10.O-O-O Nxd4 11.Bxd4 O-O 12.Bxc5 Nxc5 13.Qd4 Qc7 14.Bd3 Bd7 
15.f5 Rfc8 16.f6 g6 17.Qf4 Qd8 18.h4 Nxd3+ 19.Rxd3 Rc4 20.Rd4 Rxd4 21.Qxd4
h6 22.Nd1 Rc8 23.Ne3 Kh7 24.Kb1 Qf8 25.Rd1 Bb5 26.Qb6 Qc5 27.Qxc5 Rxc5 28.
Rd4 h5 29.c3 g5 30.a4 Be2 31.Kc2 gxh4 32.Kd2 Bg4 33.Nxg4 hxg4 34.Rxg4 Rc4 
35.Rg7+ Kh6 36.Rxf7 Re4 37.Rxb7 Rxe5 38.b4 Kg6 39.f7 Kg7 40.b5 axb5 41.a5 
Rg5 42.a6 Rxg2+ 43.Kd3 1-0

[Event "10th Lost Boys op"]
[Site "Amsterdam NED"]
[Date "2002.07.30"]
[Round "5.30"]
[White "Wunnink, Michael"]
[Black "Wiersma, Eelke"]
[Result "0-1"]
[WhiteElo "2255"]
[BlackElo "2382"]
[EventDate "2002.07.26"]
[PlyCount "64"]

1.d4 Nf6 2.c4 c5 3.d5 b5 4.cxb5 a6 5.bxa6 g6 6.Nc3 Bxa6 7.g3 d6 8.Bg2 Bg7 
9.Nf3 Nbd7 10.Rb1 Nb6 11.b3 Bc8 12.Nh4 h6 13.Qc2 Qd7 14.Bb2 g5 15.Nf3 Qf5 
16.e4 Qg6 17.O-O O-O 18.Qd2 Ng4 19.Rfe1 f5 20.exf5 Bxf5 21.Ra1 Rf7 22.h3 
Nf6 23.Re2 Raf8 24.Rf1 Nc8 25.Re6 Qh5 26.h4 Ng4 27.Re2 Bd7 28.Nh2 Nxh2 29.
Kxh2 gxh4 30.Ne4 hxg3+ 31.Kxg3 Bxb2 32.Qxb2 Rg7+ 0-1

[Event "10th Lost Boys op"]
[Site "Amsterdam NED"]
[Date "2002.07.30"]
[Round "5.31"]
[White "Strating, Sybolt"]
[Black "Giddins, Stephen"]
[Result "1/2-1/2"]
[WhiteElo "2341"]
[BlackElo "2249"]
[EventDate "2002.07.26"]
[PlyCount "44"]

1.d4 d6 2.c4 e5 3.Nf3 e4 4.Ng5 f5 5.g3 Nf6 6.Bg2 c6 7.Nc3 Be7 8.f3 d5 9.
Nh3 Be6 10.Nf4 Bf7 11.fxe4 dxe4 12.b3 b5 13.cxb5 cxb5 14.O-O Qb6 15.Nh3 g6
16.e3 O-O 17.Bd2 Nc6 18.Nf2 Nb4 19.g4 Nbd5 20.Nxd5 Nxd5 21.Nh3 Be6 22.Nf4 
Nxf4 1/2-1/2

[Event "10th Lost Boys op"]
[Site "Amsterdam NED"]
[Date "2002.07.30"]
[Round "5.33"]
[White "Van der Spek, Hein Piet"]
[Black "Bachofner, Andreas"]
[Result "0-1"]
[WhiteElo "2243"]
[BlackElo "2327"]
[EventDate "2002.07.26"]
[PlyCount "88"]

1.e4 d5 2.exd5 Qxd5 3.Nc3 Qa5 4.Nf3 Nf6 5.d4 c6 6.Bd2 Bf5 7.Bc4 Nbd7 8.Nd5
Qd8 9.Nxf6+ Nxf6 10.Qe2 e6 11.O-O-O Be7 12.Rhe1 Bg4 13.Bg5 Nd5 14.Bxe7 
Qxe7 15.Bxd5 cxd5 16.Qb5+ Kf8 17.Rd3 Bxf3 18.Rxf3 Rc8 19.Ree3 g6 20.h4 h5 
21.a3 a6 22.Qa5 Rc6 23.g3 Qd6 24.Rc3 Rc4 25.Rxc4 dxc4 26.Qc5 Qxc5 27.dxc5 
Ke7 28.Rc3 Rc8 29.Rxc4 e5 30.Rb4 Rxc5 31.Rxb7+ Ke8 32.Ra7 Rc6 33.b4 Rf6 
34.c4 Rxf2 35.b5 axb5 36.cxb5 Kd8 37.a4 Kc8 38.a5 Kb8 39.b6 e4 40.Kb1 e3 
41.a6 e2 42.Re7 Rf1+ 43.Kb2 e1=Q 44.a7+ Ka8 0-1

[Event "10th Lost Boys op"]
[Site "Amsterdam NED"]
[Date "2002.07.30"]
[Round "5.34"]
[White "Boersma, Jan"]
[Black "Witt, Rob"]
[Result "1/2-1/2"]
[WhiteElo "2230"]
[BlackElo "2308"]
[EventDate "2002.07.26"]
[PlyCount "47"]

1.e4 c5 2.Nc3 e6 3.g3 d5 4.exd5 exd5 5.Bg2 Nf6 6.d3 d4 7.Ne4 Nxe4 8.dxe4 
Nc6 9.Ne2 g6 10.O-O Bg7 11.Nf4 O-O 12.Nd5 Be6 13.c4 dxc3 14.bxc3 Qa5 15.
Bf4 Ne5 16.Qe2 Qa4 17.Qe3 c4 18.Bh6 Nc6 19.Bxg7 Kxg7 20.Qf4 Bxd5 21.exd5 
Na5 22.Rfe1 Qd7 23.Qe5+ f6 24.Qd4 1/2-1/2

[Event "10th Lost Boys op"]
[Site "Amsterdam NED"]
[Date "2002.07.30"]
[Round "5.35"]
[White "Riemens, Albert"]
[Black "Wustefeld, Emile"]
[Result "1/2-1/2"]
[WhiteElo "2225"]
[BlackElo "2295"]
[EventDate "2002.07.26"]
[PlyCount "84"]

1.e4 e6 2.d4 d5 3.Nc3 Nf6 4.e5 Nfd7 5.Nf3 c5 6.Bb5 Nc6 7.dxc5 Bxc5 8.O-O 
O-O 9.Na4 Be7 10.Bxc6 bxc6 11.c4 Ba6 12.b3 dxc4 13.Re1 Nb6 14.Nd4 Rc8 15.
Nxb6 axb6 16.Qg4 Kh8 17.Be3 c5 18.Nf3 cxb3 19.axb3 Bb7 20.Ng5 Bd5 21.Rab1 
Bxg5 22.Bxg5 f6 23.Bf4 Qe8 24.Bg3 Qg6 25.Qxg6 hxg6 26.f3 Ra8 27.Bf2 Rfb8 
28.b4 cxb4 29.Rxb4 b5 30.Bd4 f5 31.Bc5 Ra4 32.Reb1 Rxb4 33.Rxb4 Kg8 34.Kf2
Kf7 35.h4 Bc4 36.Kg3 Ra8 37.Rb2 Rc8 38.Bd6 Ra8 39.Kf4 Ra2 40.Rxa2 Bxa2 41.
Ke3 Bd5 42.g3 Bc4 1/2-1/2

[Event "10th Lost Boys op"]
[Site "Amsterdam NED"]
[Date "2002.07.30"]
[Round "5.36"]
[White "Michielsen, Joost"]
[Black "Span, Paul"]
[Result "1-0"]
[WhiteElo "2163"]
[BlackElo "2294"]
[EventDate "2002.07.26"]
[PlyCount "129"]

1.e4 Nf6 2.e5 Nd5 3.d4 d6 4.Nf3 Bg4 5.Be2 c6 6.O-O Bxf3 7.Bxf3 dxe5 8.dxe5
e6 9.b3 Nd7 10.Bb2 Qc7 11.Qe2 Nf4 12.Qe4 Ng6 13.Re1 Rd8 14.a4 a5 15.Bc3 
Bc5 16.Na3 Qb6 17.Nc4 Bxf2+ 18.Kh1 Qc5 19.Rf1 O-O 20.Bxa5 b6 21.Be1 Bxe1 
22.Rfxe1 Rc8 23.Rad1 Rc7 24.Qd4 b5 25.Qxc5 Nxc5 26.Na5 Ne7 27.Rd6 bxa4 28.
b4 Nb7 29.Nxc6 Nd5 30.Rxd5 exd5 31.Bxd5 Nd8 32.Nd4 Ra7 33.b5 a3 34.b6 Ra4 
35.c3 Ne6 36.Nxe6 fxe6 37.Bxe6+ Kh8 38.b7 Rb8 39.Bc8 a2 40.Ra1 Kg8 41.Kg1 
Kf7 42.Kf2 Ke7 43.Ke3 Kd8 44.e6 Ke7 45.Kd3 Ra7 46.Kd4 Raxb7 47.Bxb7 Rxb7 
48.Rxa2 Kxe6 49.c4 Rb8 50.Re2+ Kd6 51.c5+ Kc6 52.Re6+ Kd7 53.Ra6 Rb4+ 54.
Kd5 Rg4 55.Ra7+ Kc8 56.g3 h5 57.Re7 h4 58.gxh4 Rxh4 59.Kd6 Kb8 60.Re8+ Ka7
61.c6 Rd4+ 62.Kc5 Rd2 63.c7 Rc2+ 64.Kd6 Kb7 65.Rb8+ 1-0

[Event "10th Lost Boys op"]
[Site "Amsterdam NED"]
[Date "2002.07.30"]
[Round "5.37"]
[White "Willemsen, Jos"]
[Black "De Saegher, Chris"]
[Result "1/2-1/2"]
[WhiteElo "2280"]
[BlackElo "2217"]
[EventDate "2002.07.26"]
[PlyCount "35"]

1.e4 c6 2.d4 d5 3.Nc3 dxe4 4.Nxe4 Nf6 5.Nxf6+ gxf6 6.Nf3 Bg4 7.Be2 Qc7 8.
h3 Bf5 9.O-O Rg8 10.Kh1 e6 11.Bd3 Bg6 12.Nh4 Nd7 13.Nxg6 hxg6 14.c3 O-O-O 
15.Qe2 g5 16.f4 gxf4 17.Bxf4 Bd6 18.Bxd6 1/2-1/2

[Event "10th Lost Boys op"]
[Site "Amsterdam NED"]
[Date "2002.07.30"]
[Round "5.38"]
[White "Muhren, Willem"]
[Black "Van Egmond, Rogier Marcel"]
[Result "1/2-1/2"]
[WhiteElo "2182"]
[BlackElo "2276"]
[EventDate "2002.07.26"]
[PlyCount "105"]

1.e4 c5 2.d3 Nc6 3.g3 g6 4.Bg2 Bg7 5.f4 d6 6.Nf3 e5 7.O-O Nge7 8.f5 gxf5 
9.Nh4 fxe4 10.dxe4 O-O 11.Nf5 Bxf5 12.exf5 f6 13.Nc3 Kh8 14.Be3 Nd4 15.
Bxd4 cxd4 16.Nd5 Rc8 17.Qd3 Nxd5 18.Bxd5 Qb6 19.Rab1 Rc5 20.Be6 Bh6 21.c4 
Be3+ 22.Kg2 Qc6+ 23.Bd5 Rxd5 24.cxd5 Qxd5+ 25.Kh3 Rc8 26.Qe2 Qf7 27.b3 Rc3
28.Rb2 Bc1 29.Rb1 d3 30.Qf3 Bg5 31.Kg2 d5 32.h4 Bh6 33.g4 Bf4 34.Rf2 d4 
35.Qe4 Be3 36.Rfb2 Rc2+ 37.Kh3 Rc3 38.Kg2 Qc7 39.g5 Rc2+ 40.Kf3 Rxb2 41.
Rxb2 d2 42.Rb1 fxg5 43.hxg5 Bxg5 44.Ke2 Kg7 45.Qd5 Qe7 46.Rf1 Kf6 47.Qg8 
Bf4 48.Qc8 Qf7 49.Kd3 Qd5 50.Qf8+ Qf7 51.Qc8 Kg5 52.Rg1+ Kf6 53.Rf1 
1/2-1/2

[Event "10th Lost Boys op"]
[Site "Amsterdam NED"]
[Date "2002.07.30"]
[Round "5.39"]
[White "Theulings, Paul-Peter"]
[Black "Van der Elburg, Freddie"]
[Result "0-1"]
[WhiteElo "2133"]
[BlackElo "2275"]
[EventDate "2002.07.26"]
[PlyCount "96"]

1.Nf3 f5 2.d4 Nf6 3.Bf4 g6 4.e3 Bg7 5.Bc4 e6 6.Nbd2 O-O 7.c3 h6 8.h3 d6 9.
Qc2 Nc6 10.g4 g5 11.Bg3 d5 12.Bd3 Ne4 13.gxf5 Nxg3 14.fxg3 exf5 15.O-O-O 
Be6 16.Rdg1 Qd7 17.g4 Ne7 18.h4 fxg4 19.hxg5 h5 20.Bh7+ Kf7 21.Nh4 Ke8 22.
Rf1 Rxf1+ 23.Nxf1 Qd6 24.Rg1 Kd7 25.Ng3 Bf7 26.Nhf5 Nxf5 27.Bxf5+ Kc6 28.
g6 Bh6 29.c4 dxc4 30.Be4+ Kb6 31.Nf1 Bd5 32.Kb1 Re8 33.Bxd5 Qxd5 34.Nd2 a6
35.Nxc4+ Ka7 36.Qd3 b5 37.Na5 Rxe3 38.Qc2 Kb6 39.Nb3 Qe4 40.Qxe4 Rxe4 41.
Kc2 Re6 42.Kd3 Rxg6 43.Nc5 Bf4 44.Ke4 Bd6 45.Kf5 Rg7 46.Ne4 g3 47.Ng5 h4 
48.Rg2 Rxg5+ 0-1

[Event "10th Lost Boys op"]
[Site "Amsterdam NED"]
[Date "2002.07.30"]
[Round "5.40"]
[White "Vogel, Jaap"]
[Black "Bertrem, Stijn"]
[Result "1-0"]
[WhiteElo "2266"]
[BlackElo "2220"]
[EventDate "2002.07.26"]
[PlyCount "75"]

1.Nf3 Nf6 2.g3 g6 3.Bg2 Bg7 4.d4 c5 5.c3 cxd4 6.cxd4 O-O 7.Nc3 d5 8.Ne5 e6
9.O-O Nc6 10.f4 Qb6 11.e3 Ne8 12.b3 f6 13.Nd3 a6 14.Na4 Qd8 15.Ba3 Rf7 16.
Rc1 Ne7 17.Bc5 b5 18.Nb6 Rb8 19.Nxc8 Rxc8 20.Qd2 Nd6 21.g4 f5 22.g5 Ne4 
23.Bxe4 dxe4 24.Bxe7 Rxe7 25.Rxc8 Qxc8 26.Rc1 Rc7 27.Rxc7 Qxc7 28.Nc5 Qd6 
29.Qc3 Qb6 30.b4 Bf8 31.a3 Qc6 32.Kf2 Kf7 33.Ke2 Bxc5 34.dxc5 Qd5 35.c6 
Qa2+ 36.Kd1 Qb1+ 37.Kd2 Qf1 38.c7 1-0

[Event "10th Lost Boys op"]
[Site "Amsterdam NED"]
[Date "2002.07.30"]
[Round "5.41"]
[White "Blanchard, Jack"]
[Black "Nicolai, Erik"]
[Result "0-1"]
[WhiteElo "2255"]
[BlackElo "2238"]
[EventDate "2002.07.26"]
[PlyCount "73"]

1.d4 Nf6 2.c3 g6 3.Nf3 Bg7 4.Bg5 b6 5.e3 Bb7 6.Nbd2 d6 7.Bb5+ Nbd7 8.O-O 
O-O 9.Qb1 c5 10.a4 a6 11.Be2 Rc8 12.h3 Qc7 13.Re1 Qb8 14.Bf1 Rfe8 15.e4 h6
16.Be3 e6 17.Rd1 Qa8 18.e5 Nd5 19.Nc4 cxd4 20.Bxd4 Rxc4 21.Bxc4 dxe5 22.
Be3 Nxe3 23.fxe3 Nc5 24.Be2 Be4 25.Qa2 Bc2 26.Rd2 Qe4 27.b4 Qxe3+ 28.Kh1 
Bb3 29.Qb1 Ne4 30.Qxb3 Nxd2 31.Nxd2 Qxe2 32.Nc4 Rd8 33.Nxb6 e4 34.b5 Be5 
35.Qc4 Rd3 36.Qc8+ Kg7 37.Nd7 0-1

[Event "10th Lost Boys op"]
[Site "Amsterdam NED"]
[Date "2002.07.30"]
[Round "5.42"]
[White "O`Cinneide, Mel"]
[Black "Ryan, Joseph"]
[Result "1-0"]
[WhiteElo "2251"]
[BlackElo "2289"]
[EventDate "2002.07.26"]
[PlyCount "80"]

1.c4 e6 2.Nc3 d5 3.d4 Nf6 4.Bg5 Be7 5.Nf3 h6 6.Bh4 O-O 7.e3 b6 8.Rc1 Bb7 
9.Bxf6 Bxf6 10.cxd5 exd5 11.Bd3 Re8 12.O-O c6 13.Re1 g6 14.e4 Nd7 15.e5 
Bg7 16.h4 Nf8 17.h5 g5 18.Ne2 Ne6 19.Bb1 c5 20.Qd3 g4 21.Nh2 Qg5 22.f4 
Nxf4 23.Nxf4 Qxf4 24.Rf1 Qxd4+ 25.Qxd4 cxd4 26.Rc7 Bc8 27.Rfxf7 Bxe5 28.
Rfe7 Rxe7 29.Rxe7 Bxh2+ 30.Kxh2 Ba6 31.Rd7 Rf8 32.Rxd5 Rf1 33.Be4 Rd1 34.
Kg3 Be2 35.Kf4 d3 36.Kf5 d2 37.Kg6 Kf8 38.Kxh6 g3 39.Bc2 Rh1 40.Rf5+ Ke7 
1-0

[Event "10th Lost Boys op"]
[Site "Amsterdam NED"]
[Date "2002.07.30"]
[Round "5.43"]
[White "Roebers, Jan"]
[Black "De Roda Husman, Juan"]
[Result "1-0"]
[WhiteElo "2250"]
[BlackElo "2281"]
[EventDate "2002.07.26"]
[PlyCount "95"]

1.e4 c5 2.Nf3 e6 3.b3 Nc6 4.Bb2 d6 5.Bb5 Bd7 6.O-O Nf6 7.Re1 Be7 8.d4 cxd4
9.Nxd4 O-O 10.Bf1 a6 11.c4 b5 12.cxb5 Nxd4 13.Qxd4 axb5 14.a3 Qb8 15.b4 
Rd8 16.Nc3 Qb7 17.e5 dxe5 18.Qxe5 Bc6 19.Rad1 Rab8 20.Rxd8+ Bxd8 21.Rc1 h6
22.Ne2 Bd5 23.Nd4 Bb6 24.h3 Bxd4 25.Qxd4 Ne8 26.Rc5 Qd7 27.Be2 f6 28.Bc1 
Rb7 29.Bf4 Kf8 30.Qd3 Bc6 31.Qh7 e5 32.Be3 Bd5 33.Rxd5 Qxd5 34.Bc5+ Nd6 
35.Qh8+ Kf7 36.Bh5+ g6 37.Qh7+ Ke6 38.Qxg6 Qd2 39.Bg4+ Kd5 40.Bf3+ e4 41.
Qxf6 Kc4 42.Bg4 Kb3 43.Bxd6 Rb6 44.Qf7+ Kb2 45.Be5+ Kb1 46.Qb3+ Kc1 47.
Bb2+ Qxb2 48.Qd1# 1-0

[Event "10th Lost Boys op"]
[Site "Amsterdam NED"]
[Date "2002.07.30"]
[Round "5.44"]
[White "Leuw, Micha"]
[Black "Wemmers, Xander"]
[Result "0-1"]
[WhiteElo "2220"]
[BlackElo "2274"]
[EventDate "2002.07.26"]
[PlyCount "82"]

1.e4 c5 2.Nf3 e6 3.d4 cxd4 4.Nxd4 Nf6 5.Nc3 d6 6.Be2 Be7 7.O-O a6 8.a4 Nc6
9.Be3 O-O 10.f4 Qc7 11.Kh1 Re8 12.Bd3 Nb4 13.a5 Bd7 14.Qf3 Bc6 15.g4 Nd7 
16.g5 Bf8 17.Nce2 Nc5 18.Ra3 g6 19.Nxc6 Ncxd3 20.cxd3 bxc6 21.Bd2 d5 22.
Bc3 c5 23.Be5 dxe4 24.dxe4 Qb7 25.Re3 Bg7 26.Bf6 Qc6 27.Qg2 Rab8 28.Ng1 c4
29.Rc1 Bxf6 30.gxf6 e5 31.f5 Qxf6 32.Rxc4 Rec8 33.Rec3 Rxc4 34.Rxc4 Nd3 
35.Qc2 Rd8 36.Rc6 Qh4 37.Rc4 Nf2+ 38.Kg2 Ng4 39.Qe2 Qxh2+ 40.Kf1 Rd1+ 41.
Qxd1 Qf2# 0-1

[Event "10th Lost Boys op"]
[Site "Amsterdam NED"]
[Date "2002.07.30"]
[Round "5.45"]
[White "Van Kooten, Luuk"]
[Black "Markus, John Raymond"]
[Result "1-0"]
[WhiteElo "2259"]
[BlackElo "2247"]
[EventDate "2002.07.26"]
[PlyCount "79"]

1.d4 Nf6 2.c4 c5 3.d5 b5 4.cxb5 a6 5.e3 g6 6.Nc3 Bg7 7.Nf3 O-O 8.a4 axb5 
9.Bxb5 e6 10.O-O exd5 11.Nxd5 Bb7 12.Bc4 Na6 13.Nxf6+ Qxf6 14.Bd5 Bxd5 15.
Qxd5 d6 16.e4 Nb4 17.Qc4 Rfe8 18.Rd1 h6 19.e5 dxe5 20.Bd2 e4 21.Bxb4 exf3 
22.Bc3 Qg5 23.g3 Bxc3 24.Qxc3 Qf5 25.Rd3 Qe4 26.b3 Rab8 27.Rxf3 Re6 28.Rd1
Qe2 29.Rfd3 Re5 30.R3d2 Qe4 31.Rd8+ Rxd8 32.Rxd8+ Kh7 33.Rd3 Qe1+ 34.Qxe1 
Rxe1+ 35.Kg2 Rb1 36.Kf3 Kg7 37.Ke4 Rc1 38.Kd5 Rc2 39.h4 Kf8 40.Re3 1-0

[Event "10th Lost Boys op"]
[Site "Amsterdam NED"]
[Date "2002.07.30"]
[Round "5.46"]
[White "Van Helvoort, Rob A. M."]
[Black "Happel, Hendrik"]
[Result "1-0"]
[WhiteElo "2182"]
[BlackElo "2254"]
[EventDate "2002.07.26"]
[PlyCount "75"]

1.e4 e6 2.d4 d5 3.Nc3 Nf6 4.e5 Nfd7 5.Nce2 c5 6.f4 Nc6 7.c3 b5 8.a3 b4 9.
dxc5 Nxc5 10.axb4 Ne4 11.Ng3 f5 12.Nxe4 fxe4 13.Bb5 Bd7 14.Ra6 Qc7 15.Qa4 
Rc8 16.Be3 d4 17.Bxc6 Bxc6 18.b5 Bd7 19.Bxd4 Bc5 20.Ne2 O-O 21.O-O g5 22.
g3 gxf4 23.gxf4 Rf7 24.Bxc5 Qxc5+ 25.Nd4 Rg7+ 26.Kh1 Qd5 27.Qa2 Rc4 28.Rd6
Qc5 29.Rg1 Rxg1+ 30.Kxg1 Bxb5 31.Qa5 Be8 32.Qxc5 Rxc5 33.Nxe6 Ra5 34.Nc7 
Bh5 35.Kf2 Ra2 36.Rd2 Kf8 37.Ke3 Bf3 38.Ne6+ 1-0

[Event "10th Lost Boys op"]
[Site "Amsterdam NED"]
[Date "2002.07.30"]
[Round "5.48"]
[White "Thorhallsson, Gylfi"]
[Black "Hopman, Pieter"]
[Result "0-1"]
[WhiteElo "2250"]
[BlackElo "2225"]
[EventDate "2002.07.26"]
[PlyCount "62"]

1.e4 d6 2.d4 Nf6 3.Nc3 g6 4.f3 c6 5.Be3 b5 6.Qd2 Nbd7 7.g4 Nb6 8.O-O-O Bg7
9.Bd3 Qc7 10.Bh6 Bxh6 11.Qxh6 Bb7 12.Nge2 O-O-O 13.h4 a6 14.Qe3 h5 15.g5 
Nfd7 16.Nb1 c5 17.c3 cxd4 18.Nxd4 Kb8 19.Rhf1 e5 20.Nb3 d5 21.Bc2 Rc8 22.
Rf2 Nc4 23.Qe1 Ndb6 24.exd5 Bxd5 25.Be4 Be6 26.Rc2 a5 27.N3d2 Nd6 28.b3 
Rhd8 29.Nf1 a4 30.Kb2 Nf5 31.Ne3 Nxe3 0-1

[Event "10th Lost Boys op"]
[Site "Amsterdam NED"]
[Date "2002.08.01"]
[Round "6.3"]
[White "Kritz, Leonid"]
[Black "Sadvakasov, Darmen"]
[Result "1/2-1/2"]
[WhiteElo "2454"]
[BlackElo "2534"]
[EventDate "2002.07.26"]
[PlyCount "61"]

1.e4 c5 2.Nf3 d6 3.d4 Nf6 4.Bb5+ Bd7 5.Bxd7+ Qxd7 6.dxc5 Nxe4 7.cxd6 Nxd6 
8.O-O Nc6 9.Qe2 g6 10.Rd1 Bg7 11.Na3 O-O 12.Nb5 Rfe8 13.c3 a6 14.Nxd6 exd6
15.Be3 Bh6 16.Rd3 Bxe3 17.Rxe3 Rxe3 18.Qxe3 Re8 19.Qd2 Re6 20.Rd1 Qe7 21.
Kf1 Qf6 22.Qg5 Kg7 23.Qxf6+ Kxf6 24.Nd4 Nxd4 25.Rxd4 Ke7 26.Rb4 b5 27.a4 
bxa4 28.Rxa4 d5 29.Ra5 Rb6 30.b4 d4 31.cxd4 1/2-1/2

[Event "10th Lost Boys op"]
[Site "Amsterdam NED"]
[Date "2002.08.01"]
[Round "6.4"]
[White "De Vreugt, Dennis"]
[Black "Vesterbaek Pedersen, Nicolai"]
[Result "1-0"]
[WhiteElo "2477"]
[BlackElo "2458"]
[EventDate "2002.07.26"]
[PlyCount "77"]

1.e4 e5 2.Nf3 Nc6 3.Bb5 Nf6 4.O-O Nxe4 5.d4 Nd6 6.Bxc6 dxc6 7.dxe5 Nf5 8.
Qxd8+ Kxd8 9.Nc3 h6 10.h3 Bd7 11.b3 Kc8 12.Bb2 b6 13.Rad1 Ne7 14.Nd4 Kb7 
15.e6 Be8 16.Rfe1 Rd8 17.exf7 Bxf7 18.Ne6 Rxd1 19.Nxd1 Bxe6 20.Rxe6 Rg8 
21.Ne3 g5 22.Bf6 Nc8 23.Be5 Ne7 24.Bf6 Nc8 25.h4 gxh4 26.Bxh4 Nd6 27.Bg3 
h5 28.Kh2 a5 29.a4 b5 30.Kh3 Kc8 31.Re5 Rh8 32.axb5 cxb5 33.Rc5 Ne4 34.
Rxc7+ Kd8 35.Ra7 Ng5+ 36.Kh2 h4 37.Be5 Rh6 38.Ra8+ Ke7 39.Nf5+ 1-0

[Event "10th Lost Boys op"]
[Site "Amsterdam NED"]
[Date "2002.08.01"]
[Round "6.5"]
[White "Solleveld, Maarten"]
[Black "Conquest, Stuart"]
[Result "1-0"]
[WhiteElo "2451"]
[BlackElo "2542"]
[EventDate "2002.07.26"]
[PlyCount "127"]

1.e4 e5 2.Nf3 Nc6 3.Bb5 a6 4.Ba4 Nf6 5.O-O Nxe4 6.d4 b5 7.Bb3 d5 8.dxe5 
Be6 9.c3 Be7 10.Re1 O-O 11.Nd4 Qe8 12.Nd2 Nxd2 13.Bxd2 Na5 14.Bc2 c5 15.
Nf5 Bxf5 16.Bxf5 Nc4 17.Bc1 g6 18.Bc2 Qd7 19.b3 Nb6 20.Qf3 Rfe8 21.Bh6 Bf8
22.Bxf8 Rxf8 23.Rad1 Rfe8 24.Qg3 Re7 25.f4 Rae8 26.h4 Kh8 27.h5 Qc6 28.Qg5
Nd7 29.Qh6 Re6 30.hxg6 fxg6 31.Re3 Nf8 32.Rg3 Qb7 33.Qh4 c4 34.bxc4 dxc4 
35.Kh2 Qe7 36.Qh6 Qg7 37.Qh3 Rb6 38.Be4 Qf7 39.Qh4 Qe7 40.Qh6 Qg7 41.Qh3 
Qf7 42.Qh4 Qe7 43.Qg4 Ne6 44.Rh3 Rg8 45.Bd5 Qf7 46.Bxe6 Rxe6 47.Rd4 Rf8 
48.Qg5 Qe7 49.Qxe7 Rxe7 50.Re3 h5 51.Kg3 Kg7 52.Rd6 Ra8 53.Kf3 Rb7 54.Ke4 
h4 55.Rc6 a5 56.Rh3 Rh8 57.g3 hxg3 58.Rxg3 Rh2 59.f5 Re2+ 60.Kd5 Rd2+ 61.
Ke6 Rxa2 62.f6+ Kh6 63.Rc8 Rh2 64.f7 1-0

[Event "10th Lost Boys op"]
[Site "Amsterdam NED"]
[Date "2002.08.01"]
[Round "6.6"]
[White "Shirazi, Kamran"]
[Black "Sutovsky, Emil"]
[Result "0-1"]
[WhiteElo "2448"]
[BlackElo "2658"]
[EventDate "2002.07.26"]
[PlyCount "70"]

1.e4 c5 2.Nf3 d6 3.c3 Nf6 4.h3 g6 5.d3 Bg7 6.Be2 O-O 7.a3 c4 8.O-O cxd3 9.
Bxd3 Nbd7 10.Re1 b6 11.c4 Nc5 12.Bc2 Ba6 13.Qe2 Nh5 14.Nc3 Bxc3 15.bxc3 e5
16.a4 Qc7 17.Bh6 Rfc8 18.Nd2 Nb7 19.Bd3 Nc5 20.Bb1 Qd8 21.g3 Qd7 22.g4 Nf4
23.Bxf4 exf4 24.Nf3 Nb3 25.Ra3 Na5 26.Rd1 Nxc4 27.Rb3 Na5 28.Qxa6 Nxb3 29.
e5 Rxc3 30.Be4 Nc5 31.Qe2 Nxe4 32.Qxe4 Qc6 33.Qxc6 Rxc6 34.exd6 Rd8 35.Rd4
Rdxd6 0-1

[Event "10th Lost Boys op"]
[Site "Amsterdam NED"]
[Date "2002.08.01"]
[Round "6.7"]
[White "Timman, Jan"]
[Black "Van Haastert, Edwin"]
[Result "1-0"]
[WhiteElo "2623"]
[BlackElo "2427"]
[EventDate "2002.07.26"]
[PlyCount "43"]

1.e4 e6 2.d4 d5 3.Nc3 Bb4 4.e5 c5 5.a3 Bxc3+ 6.bxc3 Ne7 7.Qg4 Qa5 8.Bd2 
O-O 9.Bd3 Nbc6 10.Nf3 f5 11.exf6 Rxf6 12.Qh5 Nf5 13.g4 c4 14.gxf5 cxd3 15.
Rg1 Bd7 16.c4 Qd8 17.Bh6 Rf7 18.Ng5 Qa5+ 19.Kf1 Raf8 20.Nxf7 Rxf7 21.Bxg7 
Rxg7 22.f6 1-0

[Event "10th Lost Boys op"]
[Site "Amsterdam NED"]
[Date "2002.08.01"]
[Round "6.8"]
[White "Shchekachev, Andrei"]
[Black "Van Blitterswijk, Stefan"]
[Result "1/2-1/2"]
[WhiteElo "2546"]
[BlackElo "2394"]
[EventDate "2002.07.26"]
[PlyCount "165"]

1.Nf3 Nf6 2.c4 c5 3.g3 d5 4.d4 cxd4 5.cxd5 Qxd5 6.Qxd4 Nc6 7.Qxd5 Nxd5 8.
Bg2 g6 9.O-O Bg7 10.Rd1 Nb6 11.Nc3 O-O 12.Bf4 Nc4 13.Rab1 Nxb2 14.Rdc1 e5 
15.Be3 Nc4 16.Bc5 Rd8 17.Ng5 Bh6 18.h4 N4a5 19.Nd5 Be6 20.Nxe6 fxe6 21.
Ne7+ Nxe7 22.Bxe7 Bxc1 23.Bxd8 Rxd8 24.Rxc1 Nc6 25.Rb1 Rd7 26.Rb5 Kf7 27.
Bxc6 bxc6 28.Rxe5 Rd5 29.Re3 Ra5 30.a3 Ke7 31.f4 Kd6 32.Kf2 Rd5 33.Re4 e5 
34.Ra4 a5 35.e4 Rc5 36.Kf3 Ke6 37.Kg4 Kf6 38.fxe5+ Kxe5 39.Kg5 Ke6+ 40.Kh6
Kf6 41.g4 g5 42.h5 Re5 43.Rd4 Re7 44.Rc4 Ke5 45.Kxg5 Re6 46.Kh4 Rd6 47.a4 
Kf4 48.Rc5 Rd1 49.Rf5+ Kxe4 50.Rxa5 h6 51.Rf5 c5 52.Rxc5 Kf3 53.Rc3+ Kg2 
54.Rg3+ Kf2 55.g5 Rh1+ 56.Kg4 hxg5 57.Rf3+ Ke2 58.Ra3 Rg1+ 59.Kf5 g4 60.
Kf4 g3 61.Rxg3 Ra1 62.Re3+ Kd2 63.Re4 Kd3 64.h6 Rf1+ 65.Ke5 Rh1 66.Rd4+ 
Ke3 67.Rd6 Rh5+ 68.Ke6 Rxh6+ 69.Kd7 Rh5 70.Rd1 Ra5 71.Ra1 Kd4 72.Kc6 Kc4 
73.Kb6 Rh5 74.a5 Rh6+ 75.Kc7 Rh7+ 76.Kd6 Rh6+ 77.Ke5 Kb5 78.Kd5 Rh5+ 79.
Kd4 Rh4+ 80.Ke3 Rh3+ 81.Kf4 Rh4+ 82.Kg5 Rh7 83.Kg4 1/2-1/2

[Event "10th Lost Boys op"]
[Site "Amsterdam NED"]
[Date "2002.08.01"]
[Round "6.9"]
[White "Peek, Marcel"]
[Black "Ernst, Sipke"]
[Result "1-0"]
[WhiteElo "2345"]
[BlackElo "2469"]
[EventDate "2002.07.26"]
[PlyCount "95"]

1.d4 Nf6 2.Nf3 b5 3.Bg5 Bb7 4.Bxf6 exf6 5.e3 a6 6.c4 Qe7 7.Nbd2 Qb4 8.Qc2 
bxc4 9.Bxc4 Bxf3 10.gxf3 Be7 11.Bd3 Ra7 12.Be4 c6 13.f4 Rb7 14.Rb1 Qb5 15.
a3 a5 16.Bd3 Qh5 17.Be2 Qh3 18.Bf1 Qh4 19.Qf5 O-O 20.Nf3 Qh6 21.Qxa5 Re8 
22.Qf5 g6 23.Qc2 Bd6 24.Be2 Qh3 25.Kd2 Rc7 26.b4 Ra7 27.Qb3 Na6 28.Rhg1 
Nc7 29.Rg3 Qh6 30.Bc4 Qf8 31.h4 Rea8 32.h5 g5 33.Qc2 Rxa3 34.Qf5 Bxb4+ 35.
Ke2 R8a5 36.Qxd7 Nd5 37.fxg5 Nc3+ 38.Kf1 Nxb1 39.g6 Rg5 40.Bxf7+ Kh8 41.
Nxg5 fxg5 42.Rxg5 Nd2+ 43.Kg2 hxg6 44.hxg6 Kg7 45.Re5 Qd6 46.Qh3 Ra8 47.
Qh7+ Kf6 48.Re6+ 1-0